000 00569cam a2200181 a 4500
999 _c13291
_d13291
020 _a0826412769 (alk. paper)
082 0 0 _a370.11
_b10355
100 1 _aFreire, Paulo,
245 1 0 _aPedagogy of the oppressed /
_cPaulo Freire ; translated by Myra Bergman Ramos ; with an introduction by Donald Macedo.
250 _a30th anniversary ed.
260 _aNew York :
_bContinuum,
_cc2000.
300 _a183 p. ;
650 0 _aEducation
650 0 _aPopular education
650 0 _aCritical pedagogy.
856 4 2 _uhttp://edrev.asu.edu/reviews/rev146.htm
942 _cBK